书目信息 |
| 题名: |
公民怎样依法维护民事权益
|
|
| 作者: | 毛顺佳 , 毛雄 编著 | |
| 分册: | ||
| 出版信息: | 长沙 湖南人民出版社 2003.01 |
|
| 页数: | 397页 | |
| 开本: | 20cm | |
| 丛书名: | 公民依法维权丛书 | |
| 单 册: | ||
| 中图分类: | D923.05 | |
| 科图分类: | ||
| 主题词: | 法律--中国 | |
| 电子资源: | ||
| ISBN: | 7-5438-3053-1 | |
| 000 | 00710nam0 2200229 45 | |
| 001 | 0330827165 | |
| 005 | 20240829092625.04 | |
| 010 | @a7-5438-3053-1@dRMB 21.00 | |
| 100 | @a20031021d2003 km y0chiy0120 ea | |
| 101 | 0 | @achi |
| 102 | @aCN@b430000 | |
| 200 | 1 | @a公民怎样依法维护民事权益@Agong min zen yang yi fa wei hu min shi quan yi@f毛顺佳,毛雄编著@Fmao shun jia,mao xiong bian zhu |
| 210 | @a长沙@c湖南人民出版社@d2003.01 | |
| 215 | @a397页@d20cm | |
| 225 | 2 | @a公民依法维权丛书 |
| 410 | 0 | @12001 @a公民依法维权丛书 |
| 606 | 0 | @a法律@x中国 |
| 690 | @aD923.05@v3 | |
| 701 | 0 | @a毛顺佳@Amao shun jia@4编著 |
| 701 | 0 | @a毛雄@Amao xiong@4编著 |
| 801 | 0 | @aCN@bPFT@c20031021 |
| 905 | @aBZT@dD923.05@e1@f6 | |
| 公民怎样依法维护民事权益/毛顺佳,毛雄编著.-长沙:湖南人民出版社,2003.01 |
| 397页;20cm.-(公民依法维权丛书) |
| ISBN 7-5438-3053-1:RMB 21.00 |
| ● |
| 相关链接 |
|
|
|
正题名:公民怎样依法维护民事权益
索取号:D923.05/1
 
预约/预借
| 序号 | 登录号 | 条形码 | 馆藏地/架位号 | 状态 | 备注 |
| 1 | 0353834 | 201298906 | 中心书库南/013架B面3层5列/ [索取号:D923.05/1] | 在馆 | |
| 2 | 0353835 | 201298880 | 中心书库南/013架B面3层5列/ [索取号:D923.05/1] | 在馆 | |
| 3 | 0353836 | 201298924 | 中心书库南/013架B面3层5列/ [索取号:D923.05/1] | 在馆 | |
| 4 | 0353837 | 201298899 | 中心书库南/013架B面3层5列/ [索取号:D923.05/1] | 在馆 | |
| 5 | 0353838 | 201298915 | 中心书库南/013架B面3层5列/ [索取号:D923.05/1] | 在馆 | |
| 6 | 2001061590 | 2001061590 | 样本书库/样008架B面2层3列/ [索取号:D923.05/1] | 在馆 |